Third report - draft Dunkel proposals (Record no. 480789)

000 -LEADER
fixed length control field 00410cam a22001337a 4500
008 - FIXED-LENGTH DATA ELEMENTS--GENERAL INFORMATION
fixed length control field 180718b1993 xxu||||| |||| 00| 0 eng d
082 ## - DEWEY DECIMAL CLASSIFICATION NUMBER
Classification number T39x54 In2/1993
245 ## - TITLE STATEMENT
Title Third report - draft Dunkel proposals
260 ## - PUBLICATION, DISTRIBUTION, ETC.
Place of publication, distribution, etc. New Delhi
Name of publisher, distributor, etc. Rajya Sabha Secretariat
Date of publication, distribution, etc. 1993
300 ## - PHYSICAL DESCRIPTION
Extent 147p.
500 ## - GENERAL NOTE
General note Chairman: Inder Kumar Gujral
650 ## - SUBJECT ADDED ENTRY--TOPICAL TERM
Topical term or geographic name entry element International trade - India
700 ## - ADDED ENTRY--PERSONAL NAME
Personal name Gujral, Inder Kumar (Chairman)
Holdings
Withdrawn status Lost status Damaged status Not for loan Permanent Location Current Location Date acquired Full call number Barcode Date last seen Price effective from Koha item type
        Indian Institute of Public Administration Indian Institute of Public Administration 2018-08-04 T39x54 In2/1993 GG21603 2018-08-04 2018-08-04 GG

Powered by Koha